The need for the NR industry to work in symbiosis with the SR industry to meet the challenges of the 21st century (Record no. 70877)

MARC details
000 -LEADER
fixed length control field 00424nam a2200145Ia 4500
100 ## - MAIN ENTRY--AUTHOR NAME
Personal name George C M
245 #4 - TITLE STATEMENT
Title The need for the NR industry to work in symbiosis with the SR industry to meet the challenges of the 21st century
260 ## - PUBLICATION, DISTRIBUTION, ETC. (IMPRINT)
Name of publisher Rubber India
Year of publication 2000
300 ## - PHYSICAL DESCRIPTION
Number of Pages 16-Sep
650 ## - SUBJECT ADDED ENTRY--TOPICAL TERM
Topical Term NR industry
650 ## - SUBJECT ADDED ENTRY--TOPICAL TERM
Topical Term SR industry
650 ## - SUBJECT ADDED ENTRY--TOPICAL TERM
Topical Term Symbiosis
942 ## - ADDED ENTRY ELEMENTS (KOHA)
Koha item type Journals
Holdings
Withdrawn status Lost status Damaged status Not for loan Home library Current library Shelving location Date acquired Serial Enumeration / chronology Koha item type
      Journals RRII Library RRII Library Agricultural economics 17/12/2021 Volume 52, Issue 1 Journals